| 000 | 00646nam a2200217 u 4500 | ||
|---|---|---|---|
| 005 | 20230316063545.0 | ||
| 008 | 160609s2009 r 000 0 eng d | ||
| 020 | _a9789501124705 | ||
| 035 | _aUPN01000211320 | ||
| 049 | _aI | ||
| 050 | 4 |
_aBF723 J4 _bM4.3 |
|
| 100 | 1 |
_aMedina, Sarah _938309 |
|
| 245 | 1 | 0 |
_aEstoy celoso / _cSarah Medina ; adaptación de Catalina Prilick ; Jo Brooker. |
| 260 |
_aBuenos Aires : _bSigmar, _c2009. |
||
| 300 |
_a24 p. : _bil. col. |
||
| 440 | 0 | _aMis sentimientos | |
| 650 | 4 |
_aCELOS EN NIÑOS _96540 |
|
| 650 | 4 |
_aEmociones en niños _vLiteratura infantil _921332 |
|
| 905 | _aInfantil | ||
| 999 |
_c183421 _d183421 |
||